Sostenibilidad del déficit en cuenta corriente de la balanza de pagos de Costa Rica /

Bewaard in:
Bibliografische gegevens
Hoofdauteur: Zúñiga Fallas, Norberto
Andere auteurs: Azofeifa Villalobos, Ana Georgina Kikut Valverde, Ana Cecilia
Formaat: Texto
Tags: Voeg label toe
Geen labels, Wees de eerste die dit record labelt!

MARC

LEADER 00000 a a2200000 04500
001 2993
003
040
100 |a Zúñiga Fallas, Norberto  
245 |a Sostenibilidad del déficit en cuenta corriente de la balanza de pagos de Costa Rica /  |c Norberto Zúñiga Fallas 
700 |a Azofeifa Villalobos, Ana Georgina   |a Kikut Valverde, Ana Cecilia  
773 |g volumen 17, número 2; páginas 25-60  
999 |c 32420  |d 32420